000 00641nam a22002057a 4500
005 20251108164116.0
008 250721s1990 xx 000 0 ara d
082 1 4 _a958.1/خطا
100 1 _aخطاب، محمود شيت
245 1 0 _aأفغانستان: قبل الفتح الإسلامي و في أيامه /
250 _aط.4
264 1 _aدمشق :
_bدار قتبية،
_c1990.
300 _a53ص.
490 0 _aفتوح البلدان الاسلامية
650 1 7 _aأفغانستان
650 1 7 _aالفتوحات الإسلامية
650 1 7 _aالبلدان الإسلامية
942 _2ddc
_cBK
999 _c3813
_d3813